<The> Marketing Experience

Salvato in:
Dettagli Bibliografici
Autore principale: Rice, William E.
Altri autori: Smith, Theodore F.
Natura: Libro
Lingua:inglese
Pubblicazione: Hinsdale Dryden Press 1980
Edizione:1. ed.
Soggetti:
Tags: Aggiungi Tag
Nessun Tag, puoi essere il primo ad aggiungerne!!

MARC

LEADER 00000nam a2200000 4500
001 c001015
005 20221220103259.8
020 |a 0-03-051401-0 
041 0 |a eng 
044 |a US 
245 1 0 |a <The> Marketing Experience  |c William E. Rice, Theodore F. Smith 
250 |a 1. ed. 
264 1 |a Hinsdale  |b Dryden Press  |c 1980 
300 |a 288 s.  |e príl. obr. 
610 2 0 |a marketing 
610 2 0 |a prax odborná 
610 2 0 |a spotrebitelia 
610 2 0 |a potreby 
610 2 0 |a stratégia podniková 
610 2 0 |a riadenie výroby 
610 2 0 |a rozdeľovanie 
610 2 0 |a tvorba cien 
610 2 0 |a analýza trhu 
610 2 0 |a reklama 
100 1 |a Rice, William E. 
700 1 |a Smith, Theodore F.